00000000nas##2200000za#4500
0019.509377
003CaOODSP
00520200325103543
007ta
008150406c1999||||xxc|| m #||||f|   |0fre|d
040 |aCaOODSP|bfre
041 |aeng
041 |afre
043 |an-cn---
0861 |aH113-2
1101 |aCanada.|bSanté Canada. |bAgence de réglementation de la lutte antiparasitaire.
24510|aFiche technique
260 |aOttawa - Ontario : |bSanté Canada.
546 |aBilingue
563 |aCouverture souple
791 |tFact sheet |eeng|w(CaOODSP)9.509376